| 000 | 00373 a2200145 4500 | ||
|---|---|---|---|
| 001 | 66116 | ||
| 082 | _a519.4128553042MAT | ||
| 090 |
_c38415 _d38415 |
||
| 100 | _aThe Math Works Inc | ||
| 245 | _aDSP Blockset: for use with Simulink | ||
| 260 |
_aNatick MA _bThe Math Works Inc _c1999 |
||
| 300 | _a70p | ||
| 500 | _aMS textbook Avionics | ||
| 650 | _aSimulink | ||
| 942 |
_aNUST-CAE _k519.4128553042MAT |
||
| 999 |
_c301189 _d301189 |
||